00872nam a2200169 a 4500008004100000050001700041100001800058245016500076260006000241300002600301500001700327650003500344650004700379995014400426999001700570952011500587121019s1996 ||||||||||||||||| || u aPAPERS/STAFF aSiziya, Seter10aImportance of schistosomiasis in the Isoka district of Zambia: a prerequisite for its control using community participationcby Seter Siziya and Martin Mushanga aLusaka:bUniversity of Zambia, School of Medicinec1996 ap. 431 - p. 435: ill. aBibliography aSCHISTOSOMIASIS--ISOKA, ZAMBIA aSCHISTOSOMIASIS--CONTROL OF--ISOKA, ZAMBIA aSPECIAL COLLECTIONSe303FCBU-SCHOOL OF MEDICINE LIBRARY (Ndola)jPAPERS/STAFF/SIZIYAM1UAVAILABLEWDec 3, 2012yB303ZZambiana Collection c31777d31777 00102lcc4070a002b002cZambiana Collectiond2022-11-30l0oPAPERS/STAFFpB303r2022-11-30w2022-11-30y002